Lanean...

Disclosure of HIV Status and Human Rights: The Duties and Responsibilities of Couples, Medical Professionals, Family Members and the State

Xehetasun bibliografikoak
Egile nagusia: M. C. Kalavathy etal
Formatua: Printed Book
Argitaratua: Reproductive Health Matters, Vol. 8, No. 15, Reproductive Rights, Human Rights and Ethics. (May, 2000), pp. 148-163. 2000
Sarrera elektronikoa:http://10.26.1.76/ks/001093.pdf
LEADER 005570000a22001210004500
100 |a M. C. Kalavathy etal 
245 |a Disclosure of HIV Status and Human Rights: The Duties and Responsibilities of Couples, Medical Professionals, Family Members and the State 
260 |c 2000 
260 |b Reproductive Health Matters, Vol. 8, No. 15, Reproductive Rights, Human Rights and Ethics. (May, 2000), pp. 148-163. 
856 |u http://10.26.1.76/ks/001093.pdf 
942 |c KS 
999 |c 70481  |d 70481 
952 |0 0  |1 0  |4 0  |7 0  |9 62445  |a MGUL  |b MGUL  |d 2015-08-01  |l 0  |r 2015-08-01  |w 2015-08-01  |y KS